Personnage mystère #43 - Statistiques

Statistiques générales
  • Ce quiz a été pris 179 fois
  • Le résultat moyen est 5 sur 7
Statistiques - réponses
Lettres Indices % Correct
OPÈTE Poète
97%
RELY Lyre
94%
EGILOHOTYM Mythologie
89%
QURECEG Grecque
84%
CUISINEM Musicien
58%
FENERS Enfers
56%
Nom du personnage Orphée
33%
Aucun quiz correspondant
Distribution des résultats
% des personnes avec chaque résultat
Percentile par nombre de réponses
Votre historique - résultats
Vous n’avez pas pris ce quiz